Mẹ đã sinh ra tôi hai lần

Quà tặng cuộc sống; Hội tụ những câu chuyện về tấm lòng nhân hậu, những câu chuyện kỳ diệu được tạo nên bởi những con người rất giản dị:Mẹ đã sinh ra tôi hai lần, Hương vị ngọt ngào của cuộc sống, Hạt giống của lòng nhân ái, Tình...

Full description

Saved in:
Bibliographic Details
Other Authors: Phan Hương
Format: Book
Language:Undetermined
Published: H. Thanh niên 2012
Subjects:
Online Access:http://lrc.tdmu.edu.vn/opac/search/detail.asp?aID=2&ID=17111
Tags: Add Tag
No Tags, Be the first to tag this record!
Institutions: Trung tâm Học liệu Trường Đại học Thủ Dầu Một
LEADER 01106nam a2200193Ia 4500
001 TDMU_17111
008 210410s9999 xx 000 0 und d
082 |a 895.922301 
090 |b M200 
245 0 |a Mẹ đã sinh ra tôi hai lần 
260 |a H. 
260 |b Thanh niên 
260 |c 2012 
300 |a 183tr. 
520 |a Quà tặng cuộc sống; Hội tụ những câu chuyện về tấm lòng nhân hậu, những câu chuyện kỳ diệu được tạo nên bởi những con người rất giản dị:Mẹ đã sinh ra tôi hai lần, Hương vị ngọt ngào của cuộc sống, Hạt giống của lòng nhân ái, Tình hương yêu bao la, Điều quý giá của cuộc sống, Lời yêu thương, Kho báu cuộc đời... 
650 |a Truyện ngắn Việt Nam; Văn học Việt Nam  |x Truyện ngắn 
700 |a Phan Hương 
856 |u http://lrc.tdmu.edu.vn/opac/search/detail.asp?aID=2&ID=17111 
980 |a Trung tâm Học liệu Trường Đại học Thủ Dầu Một